000 01090na a2200277 4500
001 15841
003 MIRAKIL
005 20181213155045.0
008 160924b tu 000 0
020 _a9751926629
022 _a13009273
035 _a15841
040 _aMilas
_btur
_cTR-AnCHP
041 _atur
_aeng
082 _a622.3021 1997
_bT95t 2001
090 _a622.3021 1997 T95t 2001
110 _aTürkiye İstatistik Kurumu (TÜİK)
245 _aTaşocakçılığı nizannamesi kapsamında; kum, kil ve taşocakları envanteri
_b1997 = Inventory of sand, clay and quarries by quarrying regulations
_cDevlet İstatistik Enstitüsü (DİE)
246 _a1997 inventory of sand, clay and quarries by quarrying regulations
260 _aAnkara
_bDevlet İstatistik Enstitüsü (DİE)
_c2001
300 _axx. 166 s.
_btbl. , ktl. hrt.
_c30 sm.
490 _aDevlet İstatistik Enstitüsü
_v2416
650 _aMadencilik
_vSüreli yayınlar
_xİstatistikler
_y1997
_zTürkiye
650 _aTaşocakları
_vSüreli yayınlar
_xİstatistikler
_y1997
_zTürkiye
942 _2ddc
_cBKS
999 _c5741
_d5741